| 000 | 00867nam a22002775i 4500 | ||
|---|---|---|---|
| 001 | 11515 | ||
| 003 | ES-MaACL | ||
| 005 | 20250809063449.0 | ||
| 007 | t| | ||
| 008 | 921113s1992 sp ||||0| spa j | ||
| 020 | _a84-7100-261-2 | ||
| 040 |
_aM-BN _bspa _cM-BN |
||
| 080 | _a9(=1.460.33:7/8) | ||
| 080 | _a325.25(=1.460.33:7/8)(091) | ||
| 100 | 1 |
_aVilar, Juan Bautista, _d1941-2018 _9114797 |
|
| 245 | 1 | 4 |
_aLos murcianos y América / _cJuan Bta. Vilar. |
| 260 |
_aMadrid : _bMAPFRE, _c[1992] |
||
| 300 |
_a488 p : _bgráf ; _c23 cm. |
||
| 490 | 1 |
_aColección Las Españas y América ; _v9 |
|
| 500 | _aIndices. | ||
| 504 | _aBibliografía: p. [453]-456. | ||
| 650 | 1 | 4 |
_aMurcianos- _zAmérica- _xHistoria. _915361 |
| 830 | 0 | 0 |
_aColección Las Españas y América _v9 _9179142 |
| 852 |
_aES-MaACL _jL-18841 _bR.124124 |
||
| 999 |
_c11515 _d11515 |
||